Cuadro de especies forestales i precios : campaña campaña
Descripción Física:
10 volums ; il·lustracions 21 cm
Materias:
Barcelona (Catalunya : Província). -- Servicio Forestal -- Catàlegs
; Planters forestals -- Catàlegs
Idioma:
Catalán , Español
MARC
| LEADER | 00000nam a2200000Ia 4500 | ||
|---|---|---|---|
| 001 | 8520, 8212, 9340, 9341, 10534, 8521, 14881, 12287, 8468, 14882 | ||
| 003 | Arxiu | ||
| 005 | 20260324181021.0 | ||
| 008 | 160829m19671976spca xxs cat c | ||
| 040 | |a AGDB | ||
| 041 | |a spa | ||
| 080 | |a FU-8-1, FU-8-2, FU-8-3, FU-8-4, FU-8-5, FU-8-6, FU-31-58, FU-8-7, FU-8-8, FU-31-59 | ||
| 110 | 1 | |a Barcelona (Catalunya : Província). |b Servicio Forestal |9 56047 | |
| 245 | |a Cuadro de especies forestales i precios : |b campaña | ||
| 246 | 1 | 3 | |a Espècies forestals i preus : |b campanya |
| 260 | |a Barcelona : |b Diputación Provincial de Barcelona, Servicio Forestal, |c 1967-1979 | ||
| 300 | |a 10 volums ; |b il·lustracions |c 21 cm | ||
| 310 | |a Anual | ||
| 500 | |a En les darreres edicions es publica en català: Espècies forestals i preus | ||
| 610 | 1 | 0 | |a Barcelona (Catalunya : Província). |b Servicio Forestal |v Catàlegs |9 56048 |
| 650 | |a Planters forestals |x Catàlegs |9 19807 | ||
| 785 | 0 | 0 | |t Vivers forestals : espècies i preus |
| 866 | |a 1967-1968, 1968-1969, 1969-1970, 1970-1971, 1971-1972, 1972-1973, 1974-1975, 1975-1976, 1976-1977, 1979-1980 | ||
| 901 | |a Arxiu | ||
| 942 | |n 1 |2 udc |c ARXIU | ||
| 952 | |0 0 |1 0 |4 0 |6 FU3159 |7 1 |9 41325 |a Arxiu |b Arxiu |d 2016-12-01 |h 1979-1980 |o FU-31-59 |p 14882 |r 2016-12-01 00:00:00 |w 2016-12-01 |y ARXIU | ||
| 952 | |0 0 |1 0 |4 0 |6 FU81 |7 1 |9 65782 |a Arxiu |b Arxiu |d 2023-03-23 |h 1967-1968 |l 0 |o FU-8-1 |p 8520 |r 2023-03-23 00:00:00 |w 2023-03-23 |y ARXIU | ||
| 952 | |0 0 |1 0 |4 0 |6 FU82 |7 1 |9 65783 |a Arxiu |b Arxiu |d 2023-03-23 |h 1968-1969 |l 0 |o FU-8-2 |p 8212 |r 2023-03-23 00:00:00 |w 2023-03-23 |y ARXIU | ||
| 952 | |0 0 |1 0 |4 0 |6 FU83 |7 1 |9 65784 |a Arxiu |b Arxiu |d 2023-03-23 |h 1969-1970 |l 0 |o FU-8-3 |p 9340 |r 2023-03-23 00:00:00 |w 2023-03-23 |y ARXIU | ||
| 952 | |0 0 |1 0 |4 0 |6 FU84 |7 1 |9 65785 |a Arxiu |b Arxiu |d 2023-03-23 |h 1970-1971 |l 0 |o FU-8-4 |p 9341 |r 2023-03-23 00:00:00 |w 2023-03-23 |y ARXIU | ||
| 952 | |0 0 |1 0 |4 0 |7 1 |9 65786 |a Arxiu |b Arxiu |d 2023-03-23 |h 1971-1972 |o FU-8-5 |p 10534 |r 2023-03-23 00:00:00 |w 2023-03-23 |y ARXIU | ||
| 952 | |0 0 |1 0 |4 0 |6 FU86 |7 1 |9 65787 |a Arxiu |b Arxiu |d 2023-03-23 |h 1972-1973 |l 0 |o FU-8-6 |p 8521 |r 2023-03-23 00:00:00 |w 2023-03-23 |y ARXIU | ||
| 952 | |0 0 |1 0 |4 0 |6 FU87 |7 1 |9 65788 |a Arxiu |b Arxiu |d 2023-03-23 |h 1975-1976 |l 0 |o FU-8-7 |p 12287 |r 2023-03-23 00:00:00 |w 2023-03-23 |y ARXIU | ||
| 952 | |0 0 |1 0 |4 0 |6 FU88 |7 1 |9 65789 |a Arxiu |b Arxiu |d 2023-03-23 |h 1976-1977 |l 0 |o FU-8-8 |p 8468 |r 2023-03-23 00:00:00 |w 2023-03-23 |y ARXIU | ||
| 952 | |0 0 |1 0 |4 0 |6 FU3158 |7 1 |9 65875 |a Arxiu |b Arxiu |d 2023-03-29 |h 1974-1975 |l 0 |o FU-31-58 |p 14881 |r 2023-03-29 00:00:00 |w 2023-03-29 |y ARXIU | ||
| 999 | |c 43133 |d 43133 | ||